A Textbook of Basic Electrical Electronics Engineering (Record no. 18560)

MARC details
000 -LEADER
fixed length control field 00410nam a22001697a 4500
005 - DATE AND TIME OF LATEST TRANSACTION
control field 20230601172750.0
008 - FIXED-LENGTH DATA ELEMENTS--GENERAL INFORMATION
fixed length control field 230601b |||||||| |||| 00| 0 eng d
020 ## - INTERNATIONAL STANDARD BOOK NUMBER
ISBN 9789350140864
082 ## - DEWEY DECIMAL CLASSIFICATION NUMBER
Classification number 621.317
Item number GUP-B
100 ## - MAIN ENTRY--AUTHOR
Author Name Gupta.J.B
245 ## - TITLE STATEMENT
Title A Textbook of Basic Electrical Electronics Engineering
260 ## - PUBLICATION, DISTRIBUTION, ETC.
Place of Publication India
300 ## - PHYSICAL DESCRIPTION
Pages 525
650 ## - SUBJECT ADDED ENTRY--TOPICAL TERM
Subject / Department Engineering
700 ## - ADDED ENTRY--PERSONAL NAME
Personal name J.B Gupta
952 ## - LOCATION AND ITEM INFORMATION (KOHA)
-- 0
-- 0
952 ## - LOCATION AND ITEM INFORMATION (KOHA)
-- 0
-- 0
Holdings
Lost status Damaged status Permanent Location Current Location Shelving Location Date acquired Full Call Number Accession No./Barcode Date last seen Copy number item type
    Superior Information Resource Center (SIRC) Superior University- Central Library Superior Information Resource Center (SIRC) Superior University- Central Library Engineering 06/01/2023 621.317 GUP-B 2011 15307 06/01/2023 1 BOOK
    Superior Information Resource Center (SIRC) Superior University- Central Library Superior Information Resource Center (SIRC) Superior University- Central Library Engineering 06/01/2023 621.317 GUP-B 2011 15308 06/01/2023 2 BOOK

Powered by Koha